| 000 | 01397nam a2200313 4500 | ||
|---|---|---|---|
| 003 | OSt | ||
| 005 | 20260601171000.0 | ||
| 008 | 260420b2008\\\\bl\a||||\||||\00|\0\spa\d | ||
| 020 | _a9788521204473 | ||
| 040 |
_aICI _bspa _cICI |
||
| 050 |
_aNK1401 _bA1 2008 |
||
| 100 | 1 |
_aGui Bonsiepe • Silvia Fernández _931227 |
|
| 245 | 1 |
_aHistoria del Diseño en América Latina y el Caribe _bindustrialización y comunicación visual para la autonomía _ccoordinación Silvia Fernández, Gui Bonsiepe ; traducciones Marco van Arnhem ... [y otros.] ; preparación: Paula Salinard (textos) ; María Belén García Santa Cruz, Gaspar Mostafá Fernández, Emiliano Mendoza Peña (imágenes) |
|
| 264 |
_b Blücher _c2008 _a São Paulo, Brasil |
||
| 300 |
_a371 páginas _c25.5 cm. |
||
| 336 |
_atexto _2rdacontent |
||
| 337 |
_asin medio _2rdamedia |
||
| 338 |
_avolumen _2rdacarrier |
||
| 650 |
_aDiseño industrial _915218 |
||
| 650 |
_aDiseño _x Historia _ySiglo XX _zAmérica Latina _931228 |
||
| 700 |
_aFernández, Silvia _eeditor _931229 |
||
| 700 |
_aBonsiepe, Gui, _eeditor |
||
| 700 |
_aArnhem, Marco van _e traductor _931231 |
||
| 700 |
_aSalinardi, Paula, _e colaborador _931232 |
||
| 700 |
_aGarcía Santa Cruz, María Belén, _ecolaborador _931233 |
||
| 700 |
_aFernández, Gaspar Mostafá, _e colaborador _931234 |
||
| 700 |
_aMendoza Peña, Emiliano, | _ecolaborador _931235 |
||
| 942 |
_2ddc _cB |
||
| 999 |
_c20019 _d20019 |
||